Centenari de Josep Alardern (Cosme Vidal i Rosich) 1869-1918 / (Record no. 142926)

MARC details
000 -LEADER
campo de control de longitud fija 00574nam a2200193 i 4500
001 - NÚMERO DE CONTROL
campo de control 142926
003 - IDENTIFICADOR DE NÚMERO DE CONTROL
campo de control ES-MaACL
005 - FECHA Y HORA DE LA ÚLTIMA TRANSACCIÓN
campo de control 20230906200649.0
007 - CAMPO FIJO DE DESCRIPCIÓN FÍSICA--INFORMACIÓN GENERAL
campo de control de longitud fija t|
008 - DATOS DE LONGITUD FIJA--INFORMACIÓN GENERAL
campo de control de longitud fija 071011s1971 sp ||||1| spa d
080 ## - NÚMERO DE LA CLASIFICACIÓN DECIMAL UNIVERSAL
Número de la Clasificación Decimal Universal 92 Aladern, Josep
080 ## - NÚMERO DE LA CLASIFICACIÓN DECIMAL UNIVERSAL
Número de la Clasificación Decimal Universal 849.9-821"18"
100 1# - ENTRADA PRINCIPAL--NOMBRE DE PERSONA
Nombre de persona Alardern, Josep.
9 (RLIN) 19151
245 10 - MENCIÓN DEL TÍTULO
Título Centenari de Josep Alardern (Cosme Vidal i Rosich) 1869-1918 /
Mención de responsabilidad, etc. Josep Alarden.
260 ## - PUBLICACIÓN, DISTRIBUCIÓN, ETC.
Lugar de publicación, distribución, etc. Barcelona :
Nombre del editor, distribuidor, etc. Picaso,
Fecha de publicación, distribución, etc. [1971]
300 ## - DESCRIPCIÓN FÍSICA
Extensión 308 p. :
Otras características físicas il. ;
Dimensiones 21 cm.
700 1# - ENTRADA AGREGADA--NOMBRE PERSONAL
Nombre de persona Vidal i Rosich, Cosme.
9 (RLIN) 114491
852 ## - LOCALIZACIÓN
Ubicación ES-MaACL
Número de control de estantería C-44715
Sublocalización o colección R.80183
Holdings
Estatus retirado Estado de pérdida Estado de daño No para préstamo Biblioteca de origen Biblioteca actual Ubicación en estantería Fecha de adquisición Fuente de adquisición Total de préstamos Signatura topográfica completa Código de barras Visto por última vez Precio de reemplazo Tipo de ítem Koha
        Biblioteca del Ateneo de Madrid Biblioteca del Ateneo de Madrid Depósito 2 17/01/2008     C-44715 1148708 23/02/2023 23/02/2023 Libro impreso